[Event "XV C.to Mondiale seniores"]
[Site "Lignano Sabbiadoro ITA"]
[Date "2005.10.01"]
[Round "4"]
[White "Acunzo, Domenico"]
[Black "Luecke, Volkmar"]
[Result "0-1"]
[WhiteElo "1828"]
[BlackElo "2017"]
[PlyCount "102"]
[EventDate "2005.09.28"]

1. e4 e6 2. d4 d5 3. Nc3 dxe4 4. Nxe4 Nd7 5. Nf3 Ngf6 6. Bg5 Be7 7. Ng3 h6 8.
Bd2 O-O 9. Bd3 c5 10. Qe2 cxd4 11. Nxd4 Nc5 12. Bc3 Nd5 13. Qf3 Nxc3 14. bxc3
Bf6 15. Nde2 Qa5 16. O-O Nxd3 17. cxd3 Bxc3 18. Rac1 Bf6 19. Ne4 Be7 20. N2g3
Bd7 21. Nh5 Bc6 22. Qg4 g6 23. Nf4 Qf5 24. Qxf5 exf5 25. Nc5 Bg5 26. g3 Bxf4
27. gxf4 Rad8 28. Rc4 Bb5 29. Rb4 Bxd3 30. Nxd3 Rxd3 31. Rxb7 Ra3 32. Rb2 Re8
33. Kg2 Re4 34. Rd1 Rxf4 35. Rdd2 Rg4+ 36. Kh1 Kg7 37. Rb7 Rc3 38. Rb1 a5 39.
Re1 a4 40. Rb1 a3 41. Re2 Rgc4 42. Kg2 f4 43. f3 Rc2 44. Rbe1 Rxe2+ 45. Rxe2
Rb4 46. Kf2 Kf6 47. Rd2 Ke5 48. Ke2 Rb2 49. Kd3 Rxd2+ 50. Kxd2 Kd4 51. Kc2 Ke3
0-1

[Event "XV C.to Mondiale seniores"]
[Site "Lignano Sabbiadoro ITA"]
[Date "2005.10.01"]
[Round "4"]
[White "Altshul, Raffael"]
[Black "Klundt, Klaus"]
[Result "1/2-1/2"]
[WhiteElo "2268"]
[BlackElo "2382"]
[PlyCount "25"]
[EventDate "2005.09.28"]

1. e4 Nf6 2. Nc3 e5 3. Nf3 d6 4. d4 Nbd7 5. Bc4 Be7 6. O-O O-O 7. Re1 c6 8. a4
a5 9. Na2 Qc7 10. h3 h6 11. Nh4 Re8 12. Nf5 Nf8 13. dxe5 1/2-1/2

[Event "XV C.to Mondiale seniores"]
[Site "Lignano Sabbiadoro ITA"]
[Date "2005.10.01"]
[Round "4"]
[White "Araujo, Mario Augusto Reis Da Silva"]
[Black "Masich, Vladimir"]
[Result "0-1"]
[WhiteElo "1957"]
[BlackElo "2072"]
[PlyCount "62"]
[EventDate "2005.09.28"]

1. e4 c5 2. Nf3 Nc6 3. Nc3 d6 4. d4 cxd4 5. Nxd4 Nf6 6. Be2 e5 7. Nb3 Be7 8.
O-O O-O 9. Be3 a5 10. a4 Nb4 11. f3 d5 12. exd5 Nfxd5 13. Nxd5 Nxd5 14. Bf2 Nf4
15. Re1 Qc7 16. c3 Bf5 17. Bf1 Rfd8 18. Qc1 Bd3 19. Qe3 Bxf1 20. Rxf1 Nd3 21.
Qb6 Rdc8 22. Qxc7 Rxc7 23. Bb6 Rc6 24. Bxa5 Nxb2 25. Rfb1 Nd3 26. Rd1 Nc5 27.
Bb4 Nxb3 28. Bxe7 Nxa1 29. Rxa1 Rxc3 30. Kf2 f6 31. Rb1 Rc7 0-1

[Event "XV C.to Mondiale seniores"]
[Site "Lignano Sabbiadoro ITA"]
[Date "2005.10.01"]
[Round "4"]
[White "Arkhangelsky, Boris"]
[Black "Limberg, Siegfried"]
[Result "1-0"]
[WhiteElo "2384"]
[BlackElo "2143"]
[PlyCount "67"]
[EventDate "2005.09.28"]

1. d4 Nf6 2. c4 e6 3. Nf3 b6 4. g3 Bb7 5. Bg2 Be7 6. O-O O-O 7. Nc3 d6 8. d5 e5
9. e4 a5 10. Ne1 Nbd7 11. Rb1 Kh8 12. Be3 Ng8 13. Qd2 Bc8 14. a3 Re8 15. Nd3
Nf8 16. b4 axb4 17. axb4 f5 18. f3 Ng6 19. c5 bxc5 20. bxc5 fxe4 21. fxe4 Ba6
22. cxd6 cxd6 23. Bh3 Rf8 24. Rxf8 Nxf8 25. Nb4 Bc8 26. Nc6 Qe8 27. Bxc8 Rxc8
28. Nb5 Qf7 29. Nxe7 Nxe7 30. Nxd6 Qg6 31. Qb4 Nd7 32. Rf1 Rf8 33. Rxf8+ Nxf8
34. Nf5 1-0

[Event "XV C.to Mondiale seniores"]
[Site "Lignano Sabbiadoro ITA"]
[Date "2005.10.01"]
[Round "4"]
[White "Barlo, Werner"]
[Black "Belloni, Umberto"]
[Result "1/2-1/2"]
[WhiteElo "1876"]
[BlackElo "1910"]
[PlyCount "27"]
[EventDate "2005.09.28"]

1. d4 d5 2. c4 c6 3. cxd5 cxd5 4. Nf3 Bf5 5. e3 e6 6. Bb5+ Nd7 7. Ne5 Ngf6 8.
Qa4 a6 9. Bxd7+ Nxd7 10. Nxd7 Qxd7 11. Qxd7+ Kxd7 12. O-O Bxb1 13. Rxb1 Bd6 14.
Bd2 1/2-1/2

[Event "XV C.to Mondiale seniores"]
[Site "Lignano Sabbiadoro ITA"]
[Date "2005.10.01"]
[Round "4"]
[White "Bondick, Karl-Heinz"]
[Black "Jacob, Konrad"]
[Result "1-0"]
[WhiteElo "2133"]
[BlackElo "2049"]
[PlyCount "49"]
[EventDate "2005.09.28"]

1. d4 f5 2. e4 fxe4 3. Nc3 Nf6 4. g4 g6 5. g5 Nh5 6. Be2 Ng7 7. Nxe4 d5 8. Ng3
Nf5 9. Nf3 Nc6 10. Bf4 Bg7 11. c3 e6 12. Qd2 Qe7 13. O-O-O O-O 14. h4 e5 15.
dxe5 Be6 16. Nxf5 Bxf5 17. Qxd5+ Be6 18. Qe4 Bxa2 19. h5 Bf7 20. hxg6 Bxg6 21.
Bc4+ Rf7 22. Qe3 Raf8 23. Nh4 Na5 24. Nxg6 hxg6 25. Qh3 1-0

[Event "XV C.to Mondiale seniores"]
[Site "Lignano Sabbiadoro ITA"]
[Date "2005.10.01"]
[Round "4"]
[White "Cavatorta, Fosco"]
[Black "Hocevar, Nikola"]
[Result "1/2-1/2"]
[WhiteElo "1985"]
[BlackElo "2093"]
[PlyCount "84"]
[EventDate "2005.09.28"]

1. e4 c5 2. Nf3 Nc6 3. d4 cxd4 4. Nxd4 g6 5. c4 Nf6 6. Nc3 Nxd4 7. Qxd4 d6 8.
Bg5 Bg7 9. f3 O-O 10. Qd2 Be6 11. Rc1 Qa5 12. b3 Rfc8 13. Be2 a6 14. Na4 Qxd2+
15. Kxd2 Nd7 16. g4 f6 17. Be3 Rf8 18. Nc3 f5 19. gxf5 gxf5 20. Rhg1 Kh8 21.
Nd5 Bxd5 22. cxd5 Rac8 23. b4 f4 24. Bf2 Bb2 25. Rc2 Rxc2+ 26. Kxc2 Bf6 27. Rc1
Rc8+ 28. Kb1 Rxc1+ 29. Kxc1 Kg7 30. Kc2 Kf8 31. a4 Ke8 32. Kb3 Kd8 33. b5 axb5
34. Bxb5 Kc7 35. Kb4 Bb2 36. a5 Bc1 37. Bxd7 Kxd7 38. Bd4 Bd2+ 39. Bc3 Be3 40.
Kb5 e6 41. Kc4 e5 42. Kb5 Bf2 1/2-1/2

[Event "XV C.to Mondiale seniores"]
[Site "Lignano Sabbiadoro ITA"]
[Date "2005.10.01"]
[Round "4"]
[White "Chernikov, Oleg L."]
[Black "Siegmund, Rainer"]
[Result "1-0"]
[WhiteElo "2410"]
[BlackElo "2128"]
[PlyCount "211"]
[EventDate "2005.09.28"]

1. d4 Nf6 2. Nf3 e6 3. c4 b6 4. a3 Bb7 5. Nc3 d5 6. Bg5 Be7 7. Bxf6 Bxf6 8.
cxd5 exd5 9. Qb3 O-O 10. e3 c6 11. Rd1 Re8 12. Bd3 Ba6 13. Bxa6 Nxa6 14. Qa4
Nb8 15. Rc1 b5 16. Qc2 Nd7 17. O-O Nb6 18. Na2 Rc8 19. Nd2 Be7 20. Nb4 Bxb4 21.
axb4 Qd6 22. Qc3 Re6 23. Nf3 Nd7 24. Ra1 Rc7 25. Ra5 Nb6 26. Rfa1 Na4 27. Qd2
Qe7 28. Ra6 f6 29. Ne1 Nb6 30. Nd3 Rd6 31. Qc3 Na4 32. Qc2 Nb6 33. b3 Rd8 34.
h3 g6 35. Qc5 Qd7 36. R6a2 Kg7 37. Nf4 Re8 38. Rc1 Re7 39. Qc2 Nc8 40. Nd3 Nb6
41. Qe2 Qd6 42. Qg4 Re4 43. Qf3 Ree7 44. Rac2 Nd7 45. Qf4 Re6 46. Nc5 Nxc5 47.
Qxd6 Rxd6 48. Rxc5 a6 49. R5c2 f5 50. Ra1 Ra7 51. Rca2 Kf6 52. Rxa6 Rxa6 53.
Rxa6 f4 54. Ra7 fxe3 55. fxe3 h5 56. Kf2 Kg5 57. Kg3 h4+ 58. Kf3 Rf6+ 59. Ke2
Re6 60. Rf7 Re8 61. Kf3 Re6 62. Rf4 Re8 63. Rg4+ Kh5 64. e4 dxe4+ 65. Rxe4 Rf8+
66. Rf4 Rd8 67. Ke3 Rd6 68. Re4 g5 69. Re5 Kg6 70. Ke4 Rf6 71. Ke3 Rd6 72. Rc5
Re6+ 73. Kd3 Rf6 74. Rc2 Rd6 75. Rf2 Rd8 76. Rf1 Rd6 77. Rf8 Rd7 78. Re8 Rd6
79. Re5 Rf6 80. Ke2 Rd6 81. Ke3 Kf6 82. Rc5 Re6+ 83. Kf3 Rd6 84. d5 Rxd5 85.
Rxc6+ Kf5 86. Rc5 Re5 87. Rc8 Kg6 88. Rc6+ Kf5 89. Rc5 Kf6 90. Kg4 Re4+ 91. Kh5
Rxb4 92. Rxg5 Rxb3 93. Kxh4 Rb1 94. Rc5 Kg6 95. Rc6+ Kf7 96. Rb6 Rb4+ 97. g4
Rb3 98. g5 Kg7 99. Kg4 Rb4+ 100. Kh5 Rb3 101. Rb7+ Kf8 102. h4 Rb4 103. g6 Kg8
104. Kg5 Rb1 105. h5 Rg1+ 106. Kh6 1-0

[Event "XV C.to Mondiale seniores"]
[Site "Lignano Sabbiadoro ITA"]
[Date "2005.10.01"]
[Round "4"]
[White "Cleal, John"]
[Black "Haupt, Joachim"]
[Result "1-0"]
[WhiteElo "2035"]
[BlackElo "1841"]
[PlyCount "27"]
[EventDate "2005.09.28"]

1. e4 c5 2. Nc3 Nc6 3. f4 d6 4. Nf3 g6 5. Bc4 Bg7 6. O-O Nf6 7. d3 O-O 8. f5 e6
9. Qe1 Ne5 10. Nxe5 dxe5 11. fxg6 hxg6 12. Bg5 Qd4+ 13. Kh1 Ne8 14. Be7 1-0

[Event "XV C.to Mondiale seniores"]
[Site "Lignano Sabbiadoro ITA"]
[Date "2005.10.01"]
[Round "4"]
[White "Frank, Albert"]
[Black "Villing, Dieter"]
[Result "0-1"]
[WhiteElo "2050"]
[BlackElo "2259"]
[PlyCount "114"]
[EventDate "2005.09.28"]

1. b3 e5 2. Bb2 Nc6 3. e3 Nf6 4. Bb5 d6 5. Ne2 Bd7 6. d4 Qe7 7. dxe5 dxe5 8.
Ba3 Qe6 9. Bc4 Qg4 10. Bxf8 Rxf8 11. O-O O-O-O 12. Qe1 Qg6 13. Qc3 Ne4 14. Qe1
Bh3 15. Ng3 Nxg3 16. fxg3 Bf5 17. Qc3 Bxc2 18. Na3 Be4 19. b4 Qd6 20. Nb5 Qd2
21. Rf2 Qxc3 22. Nxc3 Bg6 23. b5 Ne7 24. Raf1 f6 25. e4 Bf7 26. Bxf7 Rxf7 27.
g4 h6 28. h4 Ng6 29. g3 Rd3 30. Rf3 Rfd7 31. Nd5 Rxf3 32. Rxf3 Ne7 33. g5 hxg5
34. Nxe7+ Rxe7 35. hxg5 Re6 36. a4 c6 37. gxf6 Rxf6 38. Rc3 Kd7 39. bxc6+ Rxc6
40. Rf3 Rc4 41. Rf7+ Kc6 42. Rxg7 Rxa4 43. g4 Rxe4 44. Kf2 a5 45. Kf3 Rf4+ 46.
Kg3 b5 47. Re7 Kd5 48. Ra7 a4 49. g5 Rf1 50. Kh4 Rg1 51. Kh5 Kc4 52. g6 Kb3 53.
Re7 b4 54. Rxe5 a3 55. Rg5 Rh1+ 56. Kg4 Rh8 57. Kf5 a2 0-1

[Event "XV C.to Mondiale seniores"]
[Site "Lignano Sabbiadoro ITA"]
[Date "2005.10.01"]
[Round "4"]
[White "Gennari, Giuseppe"]
[Black "Recubini, Dante"]
[Result "1-0"]
[WhiteElo "1619"]
[BlackElo "1481"]
[PlyCount "61"]
[EventDate "2005.09.28"]

1. e4 e5 2. f4 exf4 3. Nf3 d6 4. d4 Bg4 5. Bxf4 Nf6 6. Nc3 c6 7. Bc4 h6 8. O-O
Be7 9. Qd2 Nbd7 10. Rad1 Nb6 11. Bd3 Qd7 12. Qf2 O-O 13. e5 Nfd5 14. Nxd5 Nxd5
15. Bd2 Rfe8 16. Qg3 Kh8 17. c4 Nc7 18. Rde1 d5 19. Nh4 Bxh4 20. Qxh4 Kg8 21.
Bxh6 g6 22. Qf6 Ne6 23. Bxg6 fxg6 24. Qxg6+ Ng7 25. Rf6 Rf8 26. Ref1 Be2 27.
R1f4 Rxf6 28. exf6 Qf7 29. Qxg7+ Qxg7 30. fxg7 Kh7 31. Rf8 1-0

[Event "XV C.to Mondiale seniores"]
[Site "Lignano Sabbiadoro ITA"]
[Date "2005.10.01"]
[Round "4"]
[White "Gerenski, Hristo"]
[Black "Thieme, Hans"]
[Result "1-0"]
[WhiteElo "2192"]
[BlackElo "2091"]
[PlyCount "79"]
[EventDate "2005.09.28"]

1. d4 Nf6 2. c4 c5 3. d5 e6 4. Nc3 exd5 5. cxd5 d6 6. e4 g6 7. f3 a6 8. a4 Bg7
9. Nge2 O-O 10. Ng3 Re8 11. Be2 Nbd7 12. O-O Qc7 13. Bg5 h6 14. Be3 h5 15. Nh1
Rb8 16. Qb3 Ne5 17. Nf2 Kh7 18. h3 Ng8 19. f4 Nd7 20. e5 dxe5 21. d6 Qb6 22.
Qxf7 Rf8 23. Qc4 exf4 24. Bxf4 Qxb2 25. Nd5 b5 26. Qd3 c4 27. Qg3 Qxe2 28. Rae1
Qc2 29. Ne4 Bb7 30. Ng5+ Kh8 31. Ne7 Bd4+ 32. Kh1 Rf6 33. Ne6 Be5 34. Bxe5 Nxe5
35. Rxf6 Nxf6 36. Rxe5 Ne4 37. Rxe4 Qxe4 38. Nxg6+ Kh7 39. Ngf8+ Rxf8 40. Qg7#
1-0

[Event "XV C.to Mondiale seniores"]
[Site "Lignano Sabbiadoro ITA"]
[Date "2005.10.01"]
[Round "4"]
[White "Gestrich, Wolfgang"]
[Black "Parla, Aldo"]
[Result "1/2-1/2"]
[WhiteElo "1767"]
[BlackElo "1610"]
[PlyCount "37"]
[EventDate "2005.09.28"]

1. c4 f5 2. Nf3 Nf6 3. g3 e6 4. Bg2 Be7 5. O-O c6 6. Nc3 O-O 7. d4 d5 8. c5 b6
9. b4 bxc5 10. bxc5 Ne4 11. Qc2 Ba6 12. Re1 Bf6 13. e3 Nd7 14. Nxe4 fxe4 15.
Nd2 Bg5 16. Nb3 Nf6 17. Bf1 Bxf1 18. Rxf1 h5 19. Qe2 1/2-1/2

[Event "XV C.to Mondiale seniores"]
[Site "Lignano Sabbiadoro ITA"]
[Date "2005.10.01"]
[Round "4"]
[White "Giani, Franco"]
[Black "Keserovic, Milan"]
[Result "0-1"]
[WhiteElo "2083"]
[BlackElo "2232"]
[PlyCount "68"]
[EventDate "2005.09.28"]

1. c4 f5 2. d3 Nf6 3. Nc3 g6 4. g3 Bg7 5. Bg2 O-O 6. Nf3 Nc6 7. O-O e5 8. Bg5
h6 9. Bxf6 Bxf6 10. Nd5 Kg7 11. e3 g5 12. Rb1 a5 13. a3 Ne7 14. Nd2 c6 15. Nxe7
Qxe7 16. b4 axb4 17. axb4 d6 18. Nb3 Be6 19. Qc2 f4 20. exf4 gxf4 21. Nd2 Qd7
22. f3 d5 23. g4 Ra3 24. Rb3 Ra7 25. b5 Rfa8 26. bxc6 bxc6 27. Rfb1 Ra2 28.
R3b2 Rxb2 29. Qxb2 e4 30. Qb3 Qa7+ 31. Kh1 e3 32. cxd5 cxd5 33. Ne4 Qa2 34. Qb6
dxe4 0-1

[Event "XV C.to Mondiale seniores"]
[Site "Lignano Sabbiadoro ITA"]
[Date "2005.10.01"]
[Round "4"]
[White "Ginsberger, Alexander"]
[Black "Fotland, Hans Christian"]
[Result "1-0"]
[WhiteElo "2276"]
[BlackElo "2131"]
[PlyCount "101"]
[EventDate "2005.09.28"]

1. e4 c5 2. Nf3 Nc6 3. Nc3 g6 4. g3 Bg7 5. Bg2 d6 6. O-O Nf6 7. d3 O-O 8. h3 a6
9. Bg5 Be6 10. Qd2 Re8 11. Ne1 Qc8 12. Kh2 Nd7 13. Bh6 Bh8 14. f4 f6 15. Nd5
Bf7 16. c3 e6 17. Ne3 f5 18. g4 fxg4 19. hxg4 Qd8 20. Qf2 Bf6 21. Nf3 Qe7 22.
Rh1 Bg7 23. Bg5 Bf6 24. Bh6 Bg7 25. Bxg7 Kxg7 26. g5 Rh8 27. f5 exf5 28. exf5
Nce5 29. f6+ Nxf6 30. gxf6+ Qxf6 31. Qg3 Nxd3 32. Raf1 h6 33. Nd4 Qg5 34. Nef5+
gxf5 35. Nxf5+ Kh7 36. Qxd3 Rhg8 37. Ne7+ Bg6 38. Nxg6 Rxg6 39. Qf3 Rag8 40.
Bh3 R6g7 41. Qf5+ Kh8 42. Qxg5 Rxg5 43. Rf6 Re8 44. Rhf1 Kg7 45. R1f2 Re3 46.
Rf7+ Kg6 47. R7f3 Re7 48. Rf6+ Kg7 49. Rxd6 Rge5 50. Rd3 Re2 51. Rg3+ 1-0

[Event "XV C.to Mondiale seniores"]
[Site "Lignano Sabbiadoro ITA"]
[Date "2005.10.01"]
[Round "4"]
[White "Gousseinov, Aguif"]
[Black "Malmdin, Nils Ake"]
[Result "1/2-1/2"]
[WhiteElo "2066"]
[BlackElo "2222"]
[PlyCount "64"]
[EventDate "2005.09.28"]

1. e4 d5 2. exd5 Nf6 3. Bb5+ Bd7 4. Bxd7+ Qxd7 5. c4 c6 6. dxc6 Nxc6 7. Nf3 e5
8. Nc3 Bc5 9. O-O O-O 10. Qe2 Rfe8 11. Ne4 Nxe4 12. Qxe4 Rad8 13. a3 a5 14. b3
f5 15. Qb1 e4 16. Ne1 f4 17. Nc2 Qg4 18. Bb2 Rxd2 19. h3 Qg6 20. Bc3 Rxc2 21.
Qxc2 f3 22. g4 Qh6 23. Qd2 Qxh3 24. Qd5+ Kh8 25. Bxg7+ Kxg7 26. Qg5+ Kf8 27.
Qf6+ Kg8 28. Qg5+ Kf7 29. Qf5+ Kg8 30. Qg5+ Kf8 31. Qf5+ Kg8 32. Qg5+ Kf8
1/2-1/2

[Event "XV C.to Mondiale seniores"]
[Site "Lignano Sabbiadoro ITA"]
[Date "2005.10.01"]
[Round "4"]
[White "Guaglianone, Mario"]
[Black "Titz, Herbert"]
[Result "1-0"]
[WhiteElo "2155"]
[BlackElo "2079"]
[PlyCount "65"]
[EventDate "2005.09.28"]

1. Nf3 Nf6 2. g3 d5 3. Bg2 e6 4. O-O c5 5. c4 Nc6 6. cxd5 Nxd5 7. Nc3 Be7 8. d3
O-O 9. Bd2 Rb8 10. b3 b6 11. Rc1 Bb7 12. Nxd5 exd5 13. Bf4 Bd6 14. Bxd6 Qxd6
15. d4 Rbc8 16. Qd2 Rfd8 17. Rfd1 Rc7 18. e3 Ne7 19. dxc5 bxc5 20. Qa5 Qb6 21.
Qc3 a5 22. h4 h6 23. Ne5 Rd6 24. Rd2 d4 25. exd4 Bxg2 26. Kxg2 Nd5 27. Qf3 cxd4
28. Nc4 Qc6 29. Rxd4 Rd8 30. Rcd1 Rcd7 31. Ne5 Nf4+ 32. gxf4 Qxf3+ 33. Nxf3 1-0

[Event "XV C.to Mondiale seniores"]
[Site "Lignano Sabbiadoro ITA"]
[Date "2005.10.01"]
[Round "4"]
[White "Gutzeit, Avraham"]
[Black "Barlocco, Carlo"]
[Result "1/2-1/2"]
[WhiteElo "2091"]
[BlackElo "2235"]
[PlyCount "94"]
[EventDate "2005.09.28"]

1. e4 c5 2. Nf3 d6 3. c3 Nf6 4. Be2 Bd7 5. d3 e6 6. O-O Nc6 7. Nbd2 Be7 8. d4
O-O 9. Re1 cxd4 10. cxd4 Rc8 11. a3 d5 12. Bd3 dxe4 13. Nxe4 Nxe4 14. Bxe4 Bf6
15. Qd3 g6 16. Bh6 Re8 17. Rad1 Qa5 18. b4 Qh5 19. Bf4 Red8 20. Qb3 Be8 21. d5
exd5 22. Rxd5 Rxd5 23. Bxd5 Kg7 24. h3 Qf5 25. Bg3 Rd8 26. Be4 Qb5 27. Bxc6
Bxc6 28. Be5 Bxe5 29. Rxe5 Qd3 30. Qb2 Kg8 31. Re3 Qf5 32. Qb3 Qd7 33. Qc3 Qd1+
34. Kh2 Qf1 35. Qf6 Rd5 36. Nh4 Qc4 37. Re7 Rd2 38. Rc7 Qe6 39. Qf4 Rd8 40. Nf3
f6 41. Nd4 Qd6 42. Qxd6 Rxd6 43. Nxc6 Rxc6 44. Rxb7 Ra6 45. f3 Rxa3 46. b5 Ra4
47. Kg3 a6 1/2-1/2

[Event "XV C.to Mondiale seniores"]
[Site "Lignano Sabbiadoro ITA"]
[Date "2005.10.01"]
[Round "4"]
[White "Hasberger, Walter"]
[Black "Davydov, Mikhail"]
[Result "0-1"]
[WhiteElo "1975"]
[BlackElo "2144"]
[PlyCount "72"]
[EventDate "2005.09.28"]

1. e4 c6 2. d4 d5 3. exd5 cxd5 4. Nf3 Nc6 5. Be2 Bf5 6. c3 e6 7. O-O Bd6 8. Re1
h6 9. h3 Nge7 10. Bd3 Qc7 11. Bxf5 Nxf5 12. Qd3 O-O-O 13. Be3 Kb8 14. a4 Na5
15. b4 Nc4 16. Nfd2 Ncxe3 17. fxe3 Rc8 18. Nf3 Bg3 19. Rd1 Nd6 20. Nfd2 f5 21.
Rf1 h5 22. Nb3 Ne4 23. Nc5 Bh2+ 24. Kh1 Ng3+ 25. Kxh2 Nxf1+ 26. Kg1 Ng3 27. Nd2
Ne4 28. c4 Nxc5 29. bxc5 g5 30. Nf3 g4 31. Ne5 gxh3 32. gxh3 Rhg8+ 33. Kh2 Qg7
34. Qf1 Qg3+ 35. Kh1 Qxe3 36. c6 Rg3 0-1

[Event "XV C.to Mondiale seniores"]
[Site "Lignano Sabbiadoro ITA"]
[Date "2005.10.01"]
[Round "4"]
[White "Haug, Sverre"]
[Black "Florio, Italo"]
[Result "1/2-1/2"]
[WhiteElo "1924"]
[BlackElo "1511"]
[PlyCount "81"]
[EventDate "2005.09.28"]

1. Nf3 d5 2. d4 Nc6 3. c4 Nf6 4. Nc3 dxc4 5. e4 Bg4 6. d5 Bxf3 7. Qa4 Bg4 8.
dxc6 b6 9. Bxc4 e5 10. h3 Bh5 11. Be3 Bd6 12. Ba6 Rb8 13. f3 O-O 14. O-O-O Qe7
15. Bg5 h6 16. Nd5 Qd8 17. Nxf6+ gxf6 18. Bxh6 Re8 19. g4 Bg6 20. Rd5 Qe7 21.
Rhd1 Rbd8 22. Bc4 a6 23. Bxa6 Ra8 24. Qc4 Red8 25. Bb5 Kh8 26. h4 Bh7 27. Kb1
f5 28. g5 Qe6 29. Qe2 f4 30. Bc4 Qg6 31. Qh2 Qh5 32. Qh3 f6 33. Qg4 Qxg4 34.
fxg4 Bxe4+ 35. Kc1 Bxd5 36. Bxd5 Be7 37. g6 Bf8 38. Bxf8 Rxf8 39. Kc2 Ra6 40.
Kc3 Rd8 41. Kc4 1/2-1/2

[Event "XV C.to Mondiale seniores"]
[Site "Lignano Sabbiadoro ITA"]
[Date "2005.10.01"]
[Round "4"]
[White "Hicker, Harald"]
[Black "Filzmaier, Bruno"]
[Result "1-0"]
[WhiteElo "2171"]
[BlackElo "1970"]
[PlyCount "57"]
[EventDate "2005.09.28"]

1. d4 e6 2. Nf3 d5 3. c4 Nf6 4. Nc3 Nbd7 5. Bg5 c6 6. e3 Qa5 7. Nd2 Bb4 8. Qc2
Ne4 9. Ndxe4 dxe4 10. Bf4 O-O 11. Be2 f5 12. O-O e5 13. dxe5 Nxe5 14. Rfd1 Be6
15. Na4 Be7 16. c5 Ng6 17. Bg3 Rfd8 18. Bc4 Bxc4 19. Qxc4+ Kf8 20. a3 b5 21.
cxb6 axb6 22. Nc3 b5 23. Qxc6 b4 24. Bc7 Rxd1+ 25. Rxd1 Qa7 26. Nb5 Qa6 27. Qd5
bxa3 28. Nd6 axb2 29. Qf7# 1-0

[Event "XV C.to Mondiale seniores"]
[Site "Lignano Sabbiadoro ITA"]
[Date "2005.10.01"]
[Round "4"]
[White "Hohler, Peter"]
[Black "Belokopyt, Boris"]
[Result "1/2-1/2"]
[WhiteElo "2228"]
[BlackElo "2111"]
[PlyCount "214"]
[EventDate "2005.09.28"]

1. c4 Nf6 2. Nc3 e6 3. d4 c5 4. dxc5 Bxc5 5. e3 Nc6 6. a3 a5 7. Nf3 O-O 8. Bd3
d5 9. O-O h6 10. Qc2 d4 11. exd4 Nxd4 12. Nxd4 Bxd4 13. b3 e5 14. Rb1 Bd7 15.
Bb2 Bc6 16. Ne4 Bxb2 17. Rxb2 Nh5 18. Ng3 Nxg3 19. hxg3 Qe7 20. Re1 Rfe8 21. c5
Rad8 22. b4 axb4 23. axb4 e4 24. Bc4 Qg5 25. Qb3 Bd5 26. Rbe2 e3 27. Rxe3 Rxe3
28. Rxe3 Bxc4 29. Qxc4 Rd1+ 30. Kh2 Qh5+ 31. Qh4 Qxh4+ 32. gxh4 Rd4 33. Re8+
Kh7 34. b5 Rxh4+ 35. Kg3 Rb4 36. b6 Rc4 37. Rc8 Rc3+ 38. f3 Rb3 39. Rc7 Rb5 40.
Rxb7 Rxc5 41. Rxf7 Rb5 42. b7 Kg6 43. Rc7 Rb4 44. Kf2 Rb3 45. Ke2 Kf6 46. Kd2
h5 47. g3 g5 48. Kc2 Rb6 49. Kd3 Rb1 50. Ke4 h4 51. gxh4 gxh4 52. Kd5 h3 53.
Rh7 Kg6 54. Rxh3 Rxb7 55. Ke5 Rb5+ 56. Kf4 Rb4+ 57. Kg3 Rb7 58. Rh4 Kg5 59. Ra4
Rb5 60. Rg4+ Kf5 61. Rh4 Rb1 62. Rh5+ Kg6 63. Ra5 Kf6 64. Kg4 Rb6 65. f4 Rc6
66. Rf5+ Kg6 67. Rg5+ Kf6 68. Rh5 Rc1 69. Rh6+ Kg7 70. Ra6 Rf1 71. Kf5 Rf2 72.
Ra7+ Kh6 73. Ke5 Kg6 74. Ra6+ Kf7 75. Kf5 Kg7 76. Rd6 Rf1 77. Rd7+ Kh6 78. Rd4
Kg7 79. Re4 Kh7 80. Rc4 Kg7 81. Rc7+ Kh6 82. Re7 Rf2 83. Ke5 Kg6 84. Re6+ Kf7
85. Ra6 Kg7 86. Rb6 Rf1 87. Kf5 Rf2 88. Rb7+ Kh6 89. Rb6+ Kg7 90. Rg6+ Kf7 91.
Rg1 Ra2 92. Kg5 Rf2 93. Rc1 Ke6 94. Rc6+ Kf7 95. Rb6 Rh2 96. Kf5 Kg7 97. Rb4
Rf2 98. Ke5 Re2+ 99. Kf5 Rf2 100. Re4 Rf1 101. Ke5 Kg6 102. Re2 Rf3 103. Rg2+
Kf7 104. f5 Re3+ 105. Kf4 Re1 106. Kg5 Ra1 107. Rg3 Rb1 1/2-1/2

[Event "XV C.to Mondiale seniores"]
[Site "Lignano Sabbiadoro ITA"]
[Date "2005.10.01"]
[Round "4"]
[White "Ivanets, Vladimir"]
[Black "Spassov, Liuben D."]
[Result "1/2-1/2"]
[WhiteElo "2290"]
[BlackElo "2396"]
[PlyCount "64"]
[EventDate "2005.09.28"]

1. b4 d5 2. Nf3 Bg4 3. a3 Nd7 4. Bb2 Ngf6 5. e3 e6 6. c4 c6 7. h3 Bh5 8. Be2
Bxf3 9. gxf3 g6 10. h4 Bg7 11. Nc3 h5 12. Qc2 a5 13. b5 Rc8 14. bxc6 bxc6 15.
Na4 c5 16. Rb1 O-O 17. Bd3 dxc4 18. Bxc4 Nd5 19. Bxg7 Kxg7 20. f4 Ne7 21. Rb5
Nf5 22. Qc3+ Kh7 23. Bd3 Nd6 24. Rb1 Qc7 25. Rg1 Qc6 26. Qc2 Rg8 27. Nc3 Nf6
28. Be2 Nf5 29. f3 Nd4 30. Qd1 Nf5 31. Qc2 Nd4 32. Qd1 Nf5 1/2-1/2

[Event "XV C.to Mondiale seniores"]
[Site "Lignano Sabbiadoro ITA"]
[Date "2005.10.01"]
[Round "4"]
[White "Jansa, Vlastimil"]
[Black "Ofstad, Per"]
[Result "1-0"]
[WhiteElo "2511"]
[BlackElo "2164"]
[PlyCount "67"]
[EventDate "2005.09.28"]

1. e4 c6 2. d4 d5 3. Nd2 dxe4 4. Nxe4 Nd7 5. Bc4 Ndf6 6. Ng5 e6 7. Ne2 Bd6 8.
Nf3 Ne7 9. Bf4 Ng6 10. Bg3 Ne4 11. Qd3 Nxg3 12. hxg3 Qa5+ 13. c3 Bd7 14. b4 Qc7
15. Ng5 Ke7 16. Qf3 Be8 17. Bd3 f6 18. Ne4 a5 19. bxa5 Rxa5 20. O-O Bf7 21. c4
b6 22. Rfb1 Rd8 23. Rb3 c5 24. N2c3 Be8 25. Nxd6 Rxd6 26. Bxg6 hxg6 27. d5 Qa7
28. Rab1 f5 29. Qf4 Ra3 30. Qe5 Rxb3 31. axb3 Qa5 32. Re1 Bf7 33. Nb5 Rd8 34.
dxe6 1-0

[Event "XV C.to Mondiale seniores"]
[Site "Lignano Sabbiadoro ITA"]
[Date "2005.10.01"]
[Round "4"]
[White "Joksic, Sinisa"]
[Black "Khazankin, Moisei"]
[Result "1-0"]
[WhiteElo "2282"]
[BlackElo "2139"]
[PlyCount "89"]
[EventDate "2005.09.28"]

1. d4 Nf6 2. c4 c5 3. d5 e5 4. Nc3 d6 5. e4 Be7 6. Bd3 Nbd7 7. g4 h6 8. Be3 Nf8
9. f3 N6h7 10. b4 Bh4+ 11. Ke2 b6 12. bxc5 bxc5 13. Rb1 Ng6 14. Qa4+ Qd7 15.
Qc6 Qxc6 16. dxc6 a6 17. Nd5 O-O 18. Bc2 Be6 19. Kd3 Ne7 20. Ba4 Rab8 21. Ne2
Bxd5 22. cxd5 Bg5 23. Bf2 Ng6 24. Rxb8 Rxb8 25. h4 Be7 26. Rb1 Rxb1 27. c7 Rf1
28. c8=Q+ Nhf8 29. Ke3 Bxh4 30. Bxh4 Nxh4 31. Qd8 Rxf3+ 32. Kd2 Rf6 33. Bd7
Nf3+ 34. Ke3 Nd4 35. Bf5 h5 36. g5 Nxf5+ 37. Kd3 c4+ 38. Kd2 Ng3 39. gxf6 Nxe4+
40. Ke3 Nxf6 41. Nc3 h4 42. Kf3 h3 43. Kg3 N6d7 44. Kxh3 f5 45. Qe7 1-0

[Event "XV C.to Mondiale seniores"]
[Site "Lignano Sabbiadoro ITA"]
[Date "2005.10.01"]
[Round "4"]
[White "Kaminik, Aleksandar"]
[Black "Haug, Kjell Martin"]
[Result "1-0"]
[WhiteElo "2278"]
[BlackElo "1950"]
[PlyCount "65"]
[EventDate "2005.09.28"]

1. d4 Nf6 2. c4 g6 3. Nc3 Bg7 4. e4 d6 5. f3 Nc6 6. Nge2 e5 7. d5 Ne7 8. Be3 b6
9. Qd2 a5 10. b3 Bd7 11. Nc1 Nc8 12. Nd3 O-O 13. Be2 Ne8 14. O-O f5 15. a3 f4
16. Bf2 Bf6 17. b4 Ng7 18. c5 bxc5 19. bxc5 dxc5 20. Nxc5 Nd6 21. Rab1 Qe7 22.
Rfc1 Rfd8 23. Qa2 Kh8 24. Nxd7 Qxd7 25. Nb5 Nge8 26. Na7 Rdb8 27. Nc6 Rxb1 28.
Rxb1 h5 29. Be1 a4 30. Bc3 Qg7 31. Rb4 g5 32. Qb2 g4 33. Bxe5 1-0